El conde de montecristo / (Registro nro. 30454)
[ vista simple ]
| 000 -LEADER | |
|---|---|
| fixed length control field | 00312nam a22001337a 4500 |
| 003 - CONTROL NUMBER IDENTIFIER | |
| control field | OSt |
| 005 - DATE AND TIME OF LATEST TRANSACTION | |
| control field | 20231128192428.0 |
| 008 - FIXED-LENGTH DATA ELEMENTS--GENERAL INFORMATION | |
| fixed length control field | 231128b |||||||| |||| 00| 0 eng d |
| 040 ## - CATALOGING SOURCE | |
| Transcribing agency | CO-JMCR |
| 082 ## - DEWEY DECIMAL CLASSIFICATION NUMBER | |
| Classification number | N / |
| Item number | DUMc |
| 100 ## - MAIN ENTRY--PERSONAL NAME | |
| Personal name | Dumas, Alejandro, |
| 9 (RLIN) | 41935 |
| 245 ## - TITLE STATEMENT | |
| Title | El conde de montecristo / |
| 942 ## - ADDED ENTRY ELEMENTS (KOHA) | |
| Source of classification or shelving scheme | Dewey Decimal Classification |
| Koha item type | Books |
| Withdrawn status | Lost status | Source of classification or shelving scheme | Damaged status | Not for loan | Home library | Current library | Date acquired | Total Checkouts | Full call number | Barcode | Date last seen | Price effective from | Koha item type | Public note |
|---|---|---|---|---|---|---|---|---|---|---|---|---|---|---|
| Dewey Decimal Classification | Biblioteca Pública José María del Castillo y Rada | Biblioteca Pública José María del Castillo y Rada | 11/28/2023 | N / DUMc | 00000014123539 | 11/28/2023 | 11/28/2023 | Books | Material interbibliotecario Biblored |